000 01108nam2a2200265 4500
001 rc\2921200
005 20110812220607.5
035 _a(NLR Aleph) 007071395
090 _a13595531
_c13595531
100 _a20110812d1945 |||y0rusy50 ca
101 0 _arus
102 _aRU
105 _aa z |||||
200 1 _aНоябрь-декабрь 1944 г.
_fОтв. ред. ген.-майор инж. войск Болятко В.А.
210 _d1945
215 _a73 с., включ. обл., 2 л. схем.
_cсхем.
300 _aЭкз. № 6866
300 _aНадзаг.: Упр. по использованию опыта войны Ген. штаба Красной Армии
461 0 _1001rc\2921189
_12001#$aСборник тактических примеров по опыту Отечественной войны$e№ 1-$fОтв. ред. полк. Мазалов М.Р.$gГен. штаб Красной Армии$v№ 11
702 1 _aБолятко
_bВ. А.
_4340
801 0 _aRU
_bNLR
_gpsbo
801 1 _aRU
_bELAR
_2rusmarc
852 _aNLR
_jВ10 Г-6/7
942 _cBOOK
980 _aNB